Ant-Man Movies - Statistics

General Stats
  • This quiz has been taken 24 times
  • The average score is 4 of 5
Answer Stats
Paul Rudd % Correct
Ant-Man
100%
Ant-Man and the Wasp
100%
Avengers: Endgame
95%
Captain America: Civil War
77%
Ant-Man and the Wasp: Quantumania
73%
No matching quizzes found
Score Distribution
Percent of People with Each Score
Percentile by Number Answered
Your Score History
You have not taken this quiz